000 00400nam a2200145Ia 4500
008 200103s9999||||xx |||||||||||||| ||und||
020 _a9780070340411
040 _aIMU-MPC
082 _aColumn-31
100 _aKelly, S. Graham
245 0 _aSchaum's Outline of Theory and problems of Mechanical Vibrations
260 _bSchaum's Outline Series, Singapore
_c1996
300 _aix, 352
942 _cBK
999 _c7438
_d7438